Т.1; Микропроцессоры и микропроцессорные комплекты интегральных микросхем

書目詳細資料
Parent link:Микропроцессоры и микропроцессорные комплекты интегральных микросхем: справочник/ под ред. В. А. Шахнова. Т. 1.— , 1988
語言:俄语
出版: 1988
主題:
格式: 圖書
KOHA link:https://koha.lib.tpu.ru/cgi-bin/koha/opac-detail.pl?biblionumber=34775

MARC

LEADER 00000nam2a2200000 4500
001 34775
005 20231030231326.0
010 |a 5256003720 
035 |a (RuTPU)RU\TPU\book\35182 
035 |a BOOK00001834 
090 |a 34775 
100 |a 20011210d1988 km y0rusy50 ca 
101 0 |a rus 
102 |a RU 
105 |a a g 000zy 
200 0 |a Т.1 
210 |d 1988 
215 |a 367 с.  |c ил. 
461 1 |0 (RuTPU)RU\TPU\book\61726  |t Микропроцессоры и микропроцессорные комплекты интегральных микросхем  |o справочник  |o в 2 т.  |f под ред. В. А. Шахнова  |v Т. 1  |d 1988 
610 1 |a микропроцессоры 
610 1 |a микропроцессорные комплекты 
610 1 |a проектирование 
610 1 |a логическое управление 
610 1 |a интегральные микросхемы 
610 1 |a классификация 
610 1 |a системы команд 
610 1 |a сигналы 
610 1 |a аппаратура 
610 1 |a справочники 
675 |a 681.325.5(035)  |v 3 
801 0 |a RU  |b 63413507  |c 20011210  |g PSBO 
801 2 |a RU  |b 63413507  |c 20160829  |g PSBO 
900 |a Методы проектирования систем логического управления 
900 |a Электроника 
900 |a Микропроцессорная техника 
900 |a Электроника и микроэлектроника 
900 |a Микропроцессорные системы 
900 |a Дискретные устройства и микропроцессоры 
900 |a Микропроцессоры и цифровые системы в приборостроении 
900 |a Микропроцессоры в аппаратуре контроля и диагностики 
900 |a Проектирование микропроцессорных средств измерения 
900 |a Вычислительные средства в измерительной технике 
900 |a Вычислительные средства в ИИТ 
942 |c BK